[Event "31. DSenEM2018-Gruppe-65"]
[Site "Radebeul"]
[Date "2019.04.28"]
[Round "3.77"]
[White "Kundt, Günther"]
[Black "Briesemeister, Klaus"]
[Result "1/2-1/2"]
[BlackElo "1621"]
[BlackTeam "SV Lingen"]
[EventDate "2019.??.??"]
[PlyCount "60"]
[WhiteElo "1736"]
[WhiteTeam "SSC Graal-Müritz"]

1. Nf3 Nc6 2. b3 e5 3. e4 d6 4. h3 Be7 5. g4 Be6 6. Bb2 a6 7. d4 exd4 8. Nxd4
Nxd4 9. Bxd4 Bf6 10. c3 b5 11. Bg2 c5 12. Bxf6 Qxf6 13. O-O Rd8 14. f4 Bd7 15.
Qe2 Qe7 16. Nd2 g5 17. Rae1 gxf4 18. Rxf4 Qe5 19. Qf3 Be6 20. Rf1 Rd7 21. Qe3
Ne7 22. Nf3 Qg7 23. Nh4 O-O 24. Nf5 Bxf5 25. gxf5 Qe5 26. Rg4+ Kh8 27. Rf3 Rg8
28. Rfg3 Rxg4 29. Rxg4 Nxf5 30. Qg5 Ng7  1/2-1/2

[Event "31. DSenEM2018-Gruppe-65"]
[Site "Radebeul"]
[Date "2019.04.28"]
[Round "3.78"]
[White "Lichtblau, Ernst"]
[Black "Semisch, Helga"]
[Result "1-0"]
[BlackElo "1571"]
[BlackTeam "ESV Lok Meiningen"]
[EventDate "2019.??.??"]
[PlyCount "71"]
[WhiteElo "1729"]
[WhiteTeam "Brühler SK"]

1. Nf3 c6 2. c4 d5 3. cxd5 cxd5 4. e3 a6 5. b3 e6 6. Bb2 f5 7. Be2 Nf6 8. O-O
Bd6 9. Na3 O-O 10. Rc1 Nc6 11. Nc2 Bd7 12. Ncd4 Re8 13. Nxc6 bxc6 14. Ne5 Qc7
15. f4 Qb6 16. Rf3 c5 17. Nxd7 Nxd7 18. Rg3 Re7 19. Bf3 Rc8 20. Qe2 d4 21. exd4
Bxf4 22. Rh3 Rce8 23. Ba3 Qa5 24. Bxc5 Bxd2 25. Rc2 Nxc5 26. dxc5 Bb4 27. c6
Bc5+ 28. Kh1 e5 29. Bd5+ Kh8 30. Qd1 e4 31. Qc1 Ba3 32. Qd1 e3 33. Bc4 f4 34.
Qe2 Ra7 35. Rh5 Qc7 36. Rxh7+  1-0

[Event "31. DSenEM2018-Gruppe-65"]
[Site "Radebeul"]
[Date "2019.04.28"]
[Round "3.80"]
[White "Narr, Irmgard"]
[Black "Ludwig, Richard"]
[Result "1/2-1/2"]
[BlackElo "1547"]
[BlackTeam "SV Irxleben"]
[EventDate "2019.??.??"]
[PlyCount "74"]
[WhiteElo "1708"]
[WhiteTeam "SC Mühlhof-Reichelsdorf"]

1. e4 Nf6 2. Nc3 e5 3. Bc4 Nc6 4. Nf3 Nxe4 5. Bxf7+ Kxf7 6. Nxe4 Be7 7. c3 d5 8.
Ng3 Rf8 9. d3 Kg8 10. Qb3 Rb8 11. O-O Be6 12. Re1 Bf6 13. Nh5 Qd7 14. Qc2 Bg4
15. Nxf6+ gxf6 16. Bh6 Rf7 17. Nd2 Re8 18. Nf1 f5 19. h3 Bh5 20. Ng3 Qe6 21.
Bd2 Bg6 22. Rad1 Qf6 23. Qb3 f4 24. Nh1 Bxd3 25. Qxd5 Rd8 26. Qb3 Na5 27. Qb4
b6 28. Qa4 Nc4 29. Bc1 Rg7 30. Kh2 Qg6 31. Rg1 Rf8 32. Qxa7 Be4 33. f3 Ra8 34.
Qxa8+ Bxa8 35. Rd8+ Kf7 36. Rxa8 Qc2 37. Rc8 Ke6  1/2-1/2

[Event "31. DSenEM2018-Gruppe-65"]
[Site "Radebeul"]
[Date "2019.04.28"]
[Round "3.81"]
[White "Geibel, Henning"]
[Black "Ritter, Fred"]
[Result "0-1"]
[BlackElo "1706"]
[BlackTeam "BSV Chemie Radebeul"]
[EventDate "2019.??.??"]
[PlyCount "122"]
[WhiteElo "1392"]
[WhiteTeam "SV Bargteheide"]

1. e4 e5 2. Nf3 Nc6 3. Bc4 Bc5 4. O-O d6 5. d3 Nf6 6. Bg5 Na5 7. Bb3 Nxb3 8.
axb3 c6 9. Nc3 a6 10. d4 exd4 11. Nxd4 O-O 12. Nf3 Bg4 13. h3 Bh5 14. Qd3 h6
15. Bf4 Bg6 16. Rfe1 d5 17. Qe2 Bxe4 18. Nxe4 Nxe4 19. Be3 Bb4 20. c3 Bd6 21.
c4 f5 22. cxd5 cxd5 23. Rad1 Bb4 24. Rf1 Qa5 25. Nd4 Rae8 26. Nc2 Be7 27. Nd4
Bd6 28. Qh5 f4 29. Nf5 Re6 30. Bd4 Be5 31. Bxe5 d4 32. Bxd4 Rxf5 33. Qe2 Ng5
34. Qc4 Kh7 35. Bc3 Qb6 36. Rd7 Rg6 37. Re1 Nxh3+ 38. Kh2 Nxf2 39. Bd4 Ng4+ 40.
Kg1 Qa5 41. b4 Qa4 42. Rd8 Nf6 43. Bxf6 Rgxf6 44. Qg8+ Kg6 45. Re7 Rf7 46. Rxf7
Rxf7 47. Rd6+ Rf6 48. Rd4 Qa1+ 49. Kh2 Qxb2 50. Qe8+ Kg5 51. Qe5+ Kg6 52. Qe4+
Rf5 53. Rd6+ Kg5 54. Qe7+ Kg4 55. Rg6+ Rg5 56. Qe6+ Kh5 57. Qe8 Rxg6 58. Qe4
Qf2 59. Qf5+ Rg5 60. Qh3+ Qh4 61. Qxh4+ Kxh4  0-1

[Event "31. DSenEM2018-Gruppe-65"]
[Site "Radebeul"]
[Date "2019.04.28"]
[Round "3.82"]
[White "Reeh, Axel"]
[Black "Ludwig, Siegfried"]
[Result "1/2-1/2"]
[BlackElo "1536"]
[BlackTeam "GSV Hemmingen"]
[EventDate "2019.??.??"]
[PlyCount "75"]
[WhiteElo "1694"]
[WhiteTeam "Bremer SG"]

1. d4 d5 2. Nf3 Nf6 3. c4 c6 4. cxd5 e6 5. dxe6 Bxe6 6. Nc3 Be7 7. e4 O-O 8. Bd3
h6 9. O-O Bg4 10. Be3 Nbd7 11. h3 Bh5 12. e5 Nd5 13. Nxd5 cxd5 14. g4 Bg6 15.
Bxg6 fxg6 16. Qd3 Rxf3 17. Qxg6 Bg5 18. Qe6+ Kh8 19. Kg2 Nf8 20. Bxg5 hxg5 21.
Qd6 Qxd6 22. exd6 Rf6 23. Rac1 Rxd6 24. f4 gxf4 25. Rxf4 Ng6 26. Rf7 Rf6 27.
Rxf6 gxf6 28. Rc7 b6 29. Rd7 Re8 30. Rxa7 Re2+ 31. Kf3 Rxb2 32. Rd7 Rxa2 33.
Rxd5 Kh7 34. Rd7+ Kh6 35. Rd6 b5 36. Rxf6 Kg5 37. Rb6 Rb2 38. Ke4  1/2-1/2

[Event "31. DSenEM2018-Gruppe-65"]
[Site "Radebeul"]
[Date "2019.04.28"]
[Round "3.83"]
[White "Wawrinsky, Ludwig"]
[Black "Schumacher, Ursula"]
[Result "1-0"]
[BlackElo "1507"]
[BlackTeam "HTC Bad Neuenahr"]
[EventDate "2019.??.??"]
[PlyCount "43"]
[WhiteElo "1676"]
[WhiteTeam "SK Neuperlach"]

1. e4 c6 2. d3 d6 3. f4 Nf6 4. h3 e6 5. Nc3 Be7 6. Be3 a6 7. g4 Qa5 8. Bd2 Qb6
9. b3 d5 10. e5 Nfd7 11. Nf3 f6 12. Qe2 c5 13. O-O-O d4 14. Na4 Qa7 15. Bg2 b5
16. Nb2 Bb7 17. exf6 Nxf6 18. Qxe6 Bd5 19. Qc8+ Bd8 20. Rde1+ Kf7 21. Ne5+ Ke7
22. Nc6+  1-0

[Event "31. DSenEM2018-Gruppe-65"]
[Site "Radebeul"]
[Date "2019.04.28"]
[Round "3.84"]
[White "Walther, Renate"]
[Black "Mortensen, Manfred"]
[Result "0-1"]
[BlackElo "1657"]
[BlackTeam "BSV Chemie Radebeul"]
[EventDate "2019.??.??"]
[PlyCount "116"]
[WhiteElo "1127"]
[WhiteTeam "SK Herzogenaurach"]

1. e4 e5 2. d4 exd4 3. Qxd4 d6 4. Nc3 Nc6 5. Qe3 Nf6 6. h3 g6 7. Bc4 Bg7 8. Nge2
Nb4 9. Bd3 O-O 10. a3 Nxd3+ 11. cxd3 Re8 12. O-O Nh5 13. g4 Nf6 14. Qg3 d5 15.
exd5 Nxd5 16. Bd2 Be5 17. f4 Bxc3 18. Nxc3 c6 19. Rae1 Nxc3 20. Rxe8+ Qxe8 21.
Bxc3 f5 22. g5 b6 23. Qh4 Qe3+ 24. Kh2 Qe2+ 25. Qf2 Qxf2+ 26. Rxf2 Ba6 27. d4
Re8 28. Kg3 Bc4 29. h4 Bd5 30. h5 gxh5 31. Rh2 Re3+ 32. Kh4 Bf7 33. Rf2 a5 34.
Bd2 Rd3 35. Bc3 Bd5 36. Rd2 Rf3 37. Rh2 Bf7 38. Bd2 Kg7 39. Rh3 Rf2 40. Rd3 Bc4
41. Rc3 Rxd2 42. Rxc4 Rh2+ 43. Kg3 Rxb2 44. Rxc6 Rb3+ 45. Kh4 b5 46. Rc7+ Kg6
47. Rc6+ Kf7 48. d5 Rxa3 49. d6 Ke6 50. Rb6 b4 51. Rb5 Ra1 52. d7 Kxd7 53. Rxf5
Rh1+ 54. Kg3 b3 55. Rd5+ Kc6 56. f5 b2 57. f6 Kxd5 58. f7 b1=Q  0-1

[Event "31. DSenEM2018-Gruppe-65"]
[Site "Radebeul"]
[Date "2019.04.28"]
[Round "3.85"]
[White "Huber, Helmut"]
[Black "Girod, Gudrun"]
[Result "1/2-1/2"]
[BlackElo "1487"]
[BlackTeam "Hannover 96"]
[EventDate "2019.??.??"]
[PlyCount "58"]
[WhiteElo "1652"]
[WhiteTeam "Brackweder SK"]

1. d4 d5 2. Nf3 e6 3. c4 Nf6 4. Nc3 Be7 5. Bg5 c6 6. e3 Nbd7 7. Rc1 O-O 8. Bd3
h6 9. Bh4 dxc4 10. Bxc4 Nd5 11. Bxe7 Qxe7 12. O-O Nxc3 13. Rxc3 Nf6 14. Bd3 Bd7
15. Ne5 Rad8 16. Qb3 Bc8 17. a4 Nd7 18. Nc4 b6 19. Nd2 Bb7 20. Qc2 Nf6 21. Qb1
e5 22. dxe5 Qxe5 23. Nf3 Qb8 24. Be2 c5 25. a5 Bxf3 26. Bxf3 Rd2 27. axb6 axb6
28. Ra3 Rfd8 29. Ra8 Qc7  1/2-1/2